000 00361nam a2200133Ia 4500
008 210210b1966 xxu||||| |||| 00| 0 eng d
082 _a954 SASI
100 _aSASTRI (K A Nilakanta) and SRINIVASACHARI (G).
245 _aIndia a historical survey.
260 _aBombay.
_bAllied Publishers
_c1966
300 _a251
690 _aIndian History
906 _a028857
999 _c80091
_d80091